Normal view
MARC view
Entry Personal Name
001 - CONTROL NUMBER
- control field: 8431
003 - CONTROL NUMBER IDENTIFIER
- control field: OSt
005 - DATE AND TIME OF LATEST TRANSACTION
- control field: 20190816161700.0
008 - FIXED-LENGTH DATA ELEMENTS
- fixed length control field: 190816|| aca||aabn | a|a d
040 ## - CATALOGING SOURCE
- Original cataloging agency: OSt
- Transcribing agency: OSt
100 ## - HEADING--PERSONAL NAME
- Personal name: Shin, Jungsub
670 ## - SOURCE DATA FOUND
- Source citation: Work cat.: (OSt): Park, Brandon Beomseob 8428, Do the welfare benefits weaken the economic vote? a cross-national analysis of the welfare state and economic wing , 2019
